000 00279nam a22001337a 4500
008 181106b xxu||||| |||| 00| 0 eng d
020 _a0721678556
041 _aeng
080 _a617
100 _a5
101 _aKIR
245 _aVascular Surgery
_cHord,R
942 _2udc
_cBK
999 _c51922
_d51922